Countries beginning with the letter 'C' Quiz Stats

 Plays Quiz not verified by Sporcle

Challenge
Share
Tweet
Embed
Score 0/21 Timer 04:00
0 Plays Today
Hint Answer % Correct
Canada
85.8%
China
77.4%
Chile
69.3%
Colombia
61%
Cambodia
58.2%
Croatia
56.6%
Cameroon
50.4%
Czech Republic
49.9%
Congo, Republic of the Congo
48.8%
Congo, Democratic Republic of the
48.8%
Chad
44.2%
Hint Answer % Correct
Cuba
43.9%
Costa Rica
34%
Cyprus
33.7%
Cayman Islands
29%
Cook Islands
25.8%
Central African Republic
16.7%
Cape Verde
16%
Cote d'Ivoire
15.8%
Comoros
11.5%
Curacao
5.1%

You're not logged in!

Compare scores with friends on all Sporcle quizzes.
Join for Free
OR
Log In

You Might Also Like...

Show Comments

Extras

Created Mar 10, 2017ReportNominate
Tags:Country Quiz, Letter Quiz

Top Quizzes Today


Score Distribution

Your Account Isn't Verified!

In order to create a playlist on Sporcle, you need to verify the email address you used during registration. Go to your Sporcle Settings to finish the process.

Report this User

Report this user for behavior that violates our Community Guidelines.

Details: